Dasar-dasar ilmu politik
| Main Author: | |
|---|---|
| Format: | Book |
| Published: |
Jakarta :
Gramedia ,
1977
|
| Subjects: |
MARC
| LEADER | 00000cam a2200000 7i4500 | ||
|---|---|---|---|
| 001 | 0000002831 | ||
| 005 | 20021118093000.0 | ||
| 008 | 021118n | ||
| 050 | 0 | 0 | |a JC11 |b .B8 |
| 090 | 0 | 0 | |a JC11 |b .B8 |
| 100 | 0 | |a Budiardjo, Miriam , |e author | |
| 245 | 0 | 0 | |a Dasar-dasar ilmu politik |c Miriam Budiardjo |
| 260 | 2 | |a Jakarta : |b Gramedia , |c 1977 | |
| 300 | |a 247 ms. ; ; |c 20 sm. | ||
| 504 | |a Bibliografi: ms. 233-237 | ||
| 650 | 0 | |a Political science | |
| 999 | |a 1000030042 |b Book |c OPEN SHELF (30 DAYS) |e Gong Badak Campus | ||
| 999 | |a 1000030043 |b Book |c OPEN SHELF (30 DAYS) |e Gong Badak Campus | ||